[Event "SVK-ch U08 Girls"]
[Site "Lubovna"]
[Date "2020.08.22"]
[Round "10"]
[White "Haasova, Nina"]
[Black "Boskajova, Bianka"]
[Result "1-0"]
[WhiteElo "1000"]
[BlackElo "1000"]
[PlyCount "29"]
[EventDate "2020.08.15"]
[EventType "tourn"]
[EventRounds "10"]
[EventCountry "SVK"]
[SourceTitle "EXT 2021"]
[Source "ChessBase"]
[SourceDate "2020.10.23"]
[SourceVersion "1"]
[SourceVersionDate "2020.10.23"]
[SourceQuality "1"]

1. e4 e5 2. Nf3 d6 3. Bc4 a6 4. Nc3 c6 5. h3 g6 6. 0-0 h6 7. d3 Ne7 8. Be3 Rg8 9. Qd2 Nd7 10. Bxh6 Rh8 11. Bxf8 Rxf8 12. Rfe1 f6 13. Qh6 Ng8 14. Qxg6+ Rf7 15. Qxf7# 1-0

[Event "SVK-ch U08 Girls"]
[Site "Lubovna"]
[Date "2020.08.21"]
[Round "9"]
[White "Boskajova, Bianka"]
[Black "Dudova, Karin"]
[Result "0-1"]
[WhiteElo "1000"]
[BlackElo "1000"]
[PlyCount "50"]
[EventDate "2020.08.15"]
[EventType "tourn"]
[EventRounds "10"]
[EventCountry "SVK"]
[SourceTitle "EXT 2021"]
[Source "ChessBase"]
[SourceDate "2020.10.23"]
[SourceVersion "1"]
[SourceVersionDate "2020.10.23"]
[SourceQuality "1"]

1. h4 e5 2. e4 d6 3. f3 Nf6 4. c3 Be7 5. d4 Nc6 6. Be2 0-0 7. a4 d5 8. Na3 Bxa3 9. bxa3 dxe4 10. dxe5 Qxd1+ 11. Kxd1 Nxe5 12. g3 Rd8+ 13. Ke1 exf3 14. Bd2 fxe2 15. Nxe2 Nf3+ 16. Kd1 Rxd2+ 17. Kc1 Rxe2 18. Ra2 Rxa2 19. Rf1 Bg4 20. Rd1 Nd4 21. h5 Bxd1 22. g4 Re8 23. Kxd1 Ree2 24. cxd4 Rh2 25. Ke1 Rh1# 0-1

[Event "SVK-ch U08 Girls"]
[Site "Lubovna"]
[Date "2020.08.19"]
[Round "6"]
[White "Boskajova, Bianka"]
[Black "Sunova, Michaela"]
[Result "0-1"]
[WhiteElo "1000"]
[BlackElo "1036"]
[PlyCount "36"]
[EventDate "2020.08.15"]
[EventType "tourn"]
[EventRounds "10"]
[EventCountry "SVK"]
[SourceTitle "EXT 2021"]
[Source "ChessBase"]
[SourceDate "2020.10.23"]
[SourceVersion "1"]
[SourceVersionDate "2020.10.23"]
[SourceQuality "1"]

1. h4 e5 2. Nf3 Nc6 3. g4 d6 4. e4 Bxg4 5. Rg1 h5 6. c3 Nf6 7. d4 Nxe4 8. dxe5 Nxe5 9. Nxe5 Bxd1 10. Kxd1 Nxf2+ 11. Kc2 dxe5 12. Bd3 e4 13. Re1 Qxd3+ 14. Kb3 a5 15. Ka4 Qc2+ 16. Kb5 Qd3+ 17. Ka4 Qc4+ 18. b4 axb4# 0-1

[Event "SVK-ch U08 Girls"]
[Site "Lubovna"]
[Date "2020.08.17"]
[Round "4"]
[White "Dudova, Karin"]
[Black "Boskajova, Bianka"]
[Result "1-0"]
[WhiteElo "1000"]
[BlackElo "1000"]
[PlyCount "39"]
[EventDate "2020.08.15"]
[EventType "tourn"]
[EventRounds "10"]
[EventCountry "SVK"]
[SourceTitle "EXT 2021"]
[Source "ChessBase"]
[SourceDate "2020.10.23"]
[SourceVersion "1"]
[SourceVersionDate "2020.10.23"]
[SourceQuality "1"]

1. e4 a5 2. Nf3 Na6 3. Bxa6 Rxa6 4. 0-0 Rb6 5. d3 c5 6. c3 c4 7. dxc4 Rd6 8. Qa4 b5 9. Qxb5 Rd5 10. exd5 e5 11. Nxe5 f6 12. Nf3 Bb7 13. Qxb7 Bd6 14. Re1+ Ne7 15. Qa7 Kf8 16. c5 f5 17. cxd6 Nc6 18. dxc6 dxc6 19. Bg5 g6 20. Bxd8 1-0